000 00728nam a2200289Ia 4500
005 20260324150323.0
008 008 260324s9999 xx 000 0 eng d
020 _a9780203041154
037 _aEBOOK
040 _aCRL
040 _beng
040 _cCRL
041 _2eng
041 _aeng
084 _qCRL
100 _aMary Carpenter
_91226017
245 0 _aReformatory Schools (1851)
245 0 _bFor the Children of the Perishing and Dangerous Classes and for Juvenile Offenders
260 _bTaylor and Francis
260 _c1969
365 _a
365 _b240
856 _uhttp://www.taylorfrancis.com/books/9780203041154
942 _cEBOOK
999 _c1835261
_d1835261